El dibujo de figura en todo su valor / (Registro nro. 11960)

Detalles MARC
000 -LEADER
longitud fija campo de control 01101nam a22002777a 4500
003 - IDENTIFICADOR DE NUMERO DE CONTROL
control del campo AR-RoUNA
005 - FECHA DE LA ULTIMA MODIFICACION
control del campo 20250911085938.0
008 - CAMPO DE CONTROL - LIBROS
longitud fija campo de control 250508b |||||||| |||| 00| 0 spa d
040 ## - ORIGEN DE LA CATALOGACION
Agencia que cataloga la obra original AR-RoUNA
Idioma en que se cataloga spa
Entidad que modifico el registro AR-RoUNA
041 ## - CODIGO DE IDIOMA
Codigo de idioma del texto / sonido o titulo separado spa
Codigo de idioma de la traduccion original y / o intermedios de texto spa
044 ## - CODIGO DE PAIS / ENTIDAD PRODUCTORA
Codigo MARC del pais ag
100 0# - ASIENTO PRINCIPAL - NOMBRE PERSONAL
Nombre personal Loomis, Andrew
9 (RLIN) 27133
245 13 - TITULO PROPIAMENTE DICHO
Titulo El dibujo de figura en todo su valor /
Mencion de responsabilidad, etc Andrew Loomis
250 ## - MENCION DE EDICION
Edicion declarada 6a. ed.
260 ## - EDITORIAL - PUBLICACION, DISTRIBUCION, ETC. (Pie de imprenta)
Lugar de publicacion, distribucion, etc Buenos Aires :
Nombre del editor, distribuidor, etc Libreria Hachette S.A.,
Fecha de publicacion 1951
300 ## - DESCRIPCION FISICA
Extension 204 p.:
Otros detalles fisicos dib.,
Dimensiones 30x22 cm
520 0# - NOTA DE RESUMEN
Nota de resumen, etc. "El Dibujo de Figura en Todo su Valor" de Andrew Loomis, es un documento de referencia para artistas y estudiantes de arte que buscan mejorar sus habilidades en el dibujo de figuras humanas. El libro explora los principios fundamentales de la construcción de figuras, incluyendo proporciones, perspectiva, anatomía y composición.
650 4# - MATERIA - TERMINO TEMATICO
Término temático general Dibujos
Subdivisión de formulario Ilustraciones
650 4# - MATERIA - TERMINO TEMATICO
Término temático general Figuras humanas
650 4# - MATERIA - TERMINO TEMATICO
Término temático general Expresionismo
908 ## - SOPORTE
Soporte Imp
930 ## - ACCESION
Numero de accesion (NR) 12196
942 ## - FUENTE DE CLASIFICACION
Clasificacion Dewey Decimal Classification
Tipo de item Libro
945 ## - INFORMACION DE PROCESAMIENTO
Codigo del operador MIA
Fecha de ingreso o modificacion 2025-05-08
980 ## - DECLARACIÓN DE EQUIVALENCIA O SERIE DE REFERENCIA CRUZADA - NOMBRE / TÍTULO PERSONAL [LOCAL, CANADÁ]
Código del operador 1
Nombre del operador Maricel Allasia
Código del operador que modifico el registro 5
Nombre del operador que modifico el registro María Machado
Existencias
Estado retiro Estado perdido Sistema de clasificacion Estado general Restricciones de uso Biblioteca de origen Ubicacion actual Localizacion en estante Fecha de adquisicion Fuente de adquisicion Prestamos totales Signatura y librística Proveedor Numero de ejemplar Tipo de elemento KOHA Nota no publica
Disponible Disponible cdu No dañado Ningun uso de restricciones Arq. Hilarión H. Larguia Arq. Hilarión H. Larguia Diseño Gráfico - Sala 08/05/2025 Don   743:72 L863 18316 ej. 1 Libro